Historia de las instituciones de la antigüedad. Instituciones griegas, romanas, bizantinas y francas.

Tallennettuna:
Bibliografiset tiedot
Päätekijä: Ellul, Jacques (autor)
Muut tekijät: Tomás y Valiente, Francisco (traducción y notas)
Aineistotyyppi: Kirja
Kieli:englanti
Sarja:Biblioteca Jurídica.
Aiheet:
Tagit: Lisää tagi
Ei tageja, Lisää ensimmäinen tagi!

MARC

LEADER 00000nam a22000007a 4500
003 CL-VaPUC
005 20220822114704.0
008 220721t1970 ||||| |||| 00| 0 eng d
999 |c 437388  |d 437386 
040 |c Pontificia Universidad Católica de Valparaíso 
082 |2 22  |a 320.9 ELL 1970 
100 |9 604799  |a Ellul, Jacques  |e autor  
245 |a Historia de las instituciones de la antigüedad.   |b Instituciones griegas, romanas, bizantinas y francas.  
300 |a 613 páginas.  
490 |a Biblioteca Jurídica.  
500 |a c.1 Donación Familia Prof. Alejandro Guzmán Brito. 
583 |c 20220721  |k Yessy Sthefany Diaz Vidal 
650 0 |9 255506  |a Instituciones políticas  |x Historia  
651 0 |9 873589  |a Instituciones sociales   |x Historia  
700 |9 873588  |a Tomás y Valiente, Francisco  |e traducción y notas  
942 |2 ddc  |c BK  |n 0 
952 |0 0  |1 0  |2 ddc  |4 0  |6 320_900000000000000_ELL_1970  |7 0  |8 C_AGB  |9 585153  |a BIBDER  |b BIBDER  |d 2022-07-21  |i 5653239  |o 320.9 ELL 1970  |p 5653239  |r 2023-01-25  |t 1  |w 2022-07-21  |y BK_US  |k AGB